| 000 | 01087nam a2200301Ia 4500 | ||
|---|---|---|---|
| 001 | Para_8710 | ||
| 003 | CHAP | ||
| 008 | 220125s2002 xx 000 0 und d | ||
| 010 | _a207528 | ||
| 040 | _cCHAP | ||
| 090 | _aPA TESIS 1706 | ||
| 100 |
_aCamacho Meléndez, Alfredo _917692 |
||
| 245 |
_aEfectividad biológica del insecticida Peak Plus contra la araña roja (Tetranychus urticae Koch) en el cultivo de la fresa (Fragaria x ananassa Duch), en Irapuato, Gto. Méx. / _c por Alfredo Camacho Meléndez |
||
| 260 |
_aChapingo, Méx. : _b el autor |
||
| 300 | _a32 h. | ||
| 502 | _aTesis (Ing. Agr. Esp. en Parasitología Agrícola) -- UACh. Departamento Parasitología Agrícola | ||
| 650 |
_aFresa _x plagas _943226 |
||
| 650 |
_aInsecticidas _x pruebas _958878 |
||
| 650 |
_aTetranychus urticae _9112502 |
||
| 710 |
_aUACh. Departamento Parasitología Agrícola _9164025 |
||
| 901 | _aPA TESIS 1706 | ||
| 902 | _aA | ||
| 905 | _a0000002002 bdin0000000000 00 | ||
| 910 | _a2002 | ||
| 942 | _cPARA | ||
| 942 |
_cPARA _d1 |
||
| 999 |
_c207528 _d207528 |
||